Slovenský jazyk pre 6. ročník všeobecnovzdelávacích škôl s vyučovacím jazykom ukrajinským

Podrobná bibliografia
Hlavný autor: Chudík, Jozef (Autor)
Médium: Kniha
Jazyk:slovenčina
PhysicalDescription:252, [6] s. ilustr., sch., tab. 8°
Vydavateľské údaje: Bratislava Slovenské pedagogické nakladateľstvo 1961
Vydanie:4. vyd.
Predmet:

MARC

LEADER 00000cam a2200000 a 4500
001 vtls008318757
003 SK-MaSNL
005 20260301123021.0
008 230403s1961 xo a c p 000 0 slo
015 |a SNBA1961/08-01597 
020 |q (viaz.) 
035 |a SK01SNK19610010974 
035 |a urn:nbn:sk:snk-am3is2g 
035 |a 551252D9-4CA0-4ECB-997B-E60E9B5323A8 
035 |a urn:nbn:sk:snk-am00ffp0 
035 |a SKM000013437 
040 |a SNK  |b slo  |c SNK  |e AACR2 
041 0 |a slo 
044 |a xo  |c SK 
080 |a 811.162.4(075.2)  |2 2001 
080 |a 371:376.74  |2 2001 
080 |a (075.2)  |2 2001 
100 1 |a Chudík, Jozef  |4 aut  |9 358066 
245 1 0 |a Slovenský jazyk pre 6. ročník všeobecnovzdelávacích škôl s vyučovacím jazykom ukrajinským  |c Jozef Chudík 
250 |a 4. vyd. 
260 |a Bratislava  |b Slovenské pedagogické nakladateľstvo  |c 1961  |e Prešov  |f Východoslovenské tlačiarne 
300 |a 252, [6] s.  |b ilustr., sch., tab.  |c 8° 
366 |e 500 výtl. 
500 |a Poznámky. Slovník 
650 0 7 |a slovenčina  |2 SNKPH  |9 1350 
655 7 |a učebnice základných škôl  |2 SNKPH  |9 70187 
852 |a Slovenská národná knižnica 
954 |a odborná, vedecká literatúra pôvodná (slovenská)  |2 lita 
958 |a OND 
958 |a RK 
958 |a UC 
958 |a EUIPO 
999 |c 734839  |d 736769 
952 |a SNK  |b SNK  |y PREZ  |7 0  |p 17A0847104  |o snkSC 15597  |i snkKSP 4564/61  |0 0  |1 0  |4 0  |d 2020-07-27  |f 1  |l 0  |r 2025-07-18 00:00:00  |w 2026-02-23 
952 |a SNK  |b SNK  |y VYP  |7 0  |o snkSC 15597 D1  |0 0  |1 0  |4 0  |d 2020-07-27  |l 0  |r 2026-02-23 22:41:23  |w 2026-02-23